Most Streamed Songs of 2007 - Statistics

General Stats
  • This quiz has been taken 34 times
    26 since last reset
  • The average score is 9 of 20
Answer Stats
# Streams Artist(s) Answer % Correct
2 2,094,956,092 Rihanna ft. Jay-Z Umbrella
84%
1 2,616,849,932 Arctic Monkeys 505
68%
3 1,776,484,102 Timbaland & OneRepublic Apologize
58%
19 980,441,736 M.I.A. Paper Planes
58%
4 1,715,996,626 Kanye West Stronger
58%
5 1,595,850,992 Kanye West ft. Dwele Flashing Lights
53%
7 1,485,865,384 Flo Rida ft. T-Pain Low
53%
20 979,862,664 Kanye West ft. Chris Martin Homecoming
47%
13 1,107,905,118 MGMT Kids
47%
17 1,054,340,674 Sean Kingston Beautiful Girls
42%
15 1,070,405,988 Leona Lewis Bleeding Love
32%
6 1,522,244,747 Rihanna Don't Stop The Music
32%
12 1,119,371,325 Britney Spears Gimme More
32%
16 1,070,203,200 Kanye West I Wonder
32%
10 1,136,349,643 Alicia Keys No One
32%
8 1,351,008,771 Timbaland ft. Keri Hilson & D.O.E. The Way I Are
32%
18 1,016,828,838 MGMT Electric Feel
26%
14 1,082,651,917 Paramore Misery Business
26%
9 1,295,525,700 Linkin Park What I've Done
26%
11 1,121,883,778 Arctic Monkeys Fluorescent Adolescent
16%
No matching quizzes found
Score Distribution
Percent of People with Each Score
Percentile by Number Answered
Your Score History
You have not taken this quiz since the last reset